[Event "Match"]
[Site "www.echecsemail.com"]
[Date "2015.07.20"]
[Round "1"]
[White "Hundegana"]
[Black "Yussuf1000"]
[WhiteElo "2000"]
[BlackElo "1499"]
[Result "0-1"]
[Round "1"]
1.e4 c5
2.c4 Nb8c6
3.Nb1c3 g6
4.Bf1e2 Bf8g7
5.Ng1f3 d6
6.h3 e6
7.O-O Ng8e7
8.a3 O-O
9.Ra1b1 Nc6e5
10.d3 Ne7c6
11.Nf3h2 Nc6d4
12.Nh2f3 Ne5xf3
13.Be2xf3 Bc8d7
14.Bc1e3 Bd7c6
15.Be3xd4 cxd4
16.Nc3e2 Qd8h4
17.Kh2 Ra8c8
18.g3 Qh4f6
19.Bf3g2 e5
20.f4 Qf6e7
21.fxe5 dxe5
22.Ne2g1 b5
23.Rb1c1 Bg7h6
24.Rc1b1 bxc4
25.dxc4 Qe7b7
26.Rf1e1 f5
27.Qd1c2 fxe4
28.Bg2xe4 Bh6e3
29.Be4xc6 Qb7xc6
30.Re1e2 e4
31.Re2g2 d3
32.Qc2b3 Qc6xc4
33.Qb3xc4 Rc8xc4
34.h4 Rc4c1
35.Rb1xc1 Be3xc1
36.a4 d2
37.Rg2xd2 Bc1xd2
38.Kg2 Bd2e3
39.Ng1h3 Rf8b8
40.Kf1 Rb8xb2
41.Nh3g5 Be3xg5
42.hxg5 e3
43.a5 Kf7
44.a6 Ke6
45.g4 Ke5
46.Ke1 Ke4
47.Kd1 Kd3
48.Kc1 Rb2b3
49.Kd1 Rb3b1
{ resign }
0-1

[Event "Match"]
[Site "www.echecsemail.com"]
[Date "2015.07.20"]
[Round "1"]
[White "Oxycontin"]
[Black "Yussuf1000"]
[WhiteElo "2130"]
[BlackElo "2139"]
[Result "0-1"]
[Round "1"]
1.Ng1f3 Ng8f6
2.g3 b6
3.Bf1g2 Bc8b7
4.O-O e6
5.d4 Bf8e7
6.Nb1d2 O-O
7.Rf1e1 d5
8.c3 c5
9.Qd1c2 cxd4
10.cxd4 Nb8c6
11.a3 Ra8c8
12.Qc2b1 Qd8d7
13.b4 Be7d6
14.Bc1b2 Nc6e7
15.Nf3e5 Qd7a4
16.Qb1d1 Qa4xd1
17.Re1xd1 Rc8c2
18.Ra1b1 Rf8c8
19.e3 Bb7a6
20.Nd2f3 Nf6e4
21.Rd1c1 f6
22.Bg2h3 Ne7f5
23.Ne5g4 h5
{ resign }
0-1

[Event "Match"]
[Site "www.echecsemail.com"]
[Date "2015.07.20"]
[Round "1"]
[White "Nimzo"]
[Black "Jpmartinez"]
[WhiteElo "2720"]
[BlackElo "2550"]
[Result "1-0"]
[Round "1"]
1.d4 d5
2.c4 c6
3.Ng1f3 Ng8f6
4.e3 a6
5.Nb1c3 Bc8f5
6.Bf1e2 h6
7.Be2d3 Bf5xd3
8.Qd1xd3 e6
9.O-O Nb8d7
10.e4 dxe4
11.Nc3xe4 Nf6xe4
12.Qd3xe4 Bf8d6
13.Bc1d2 O-O
14.h3 Nd7f6
15.Qe4e2 Qd8c7
16.Rf1e1 Ra8d8
17.Ra1d1 Rf8e8
18.b3 { time. }
1-0

[Event "Match"]
[Site "www.echecsemail.com"]
[Date "2015.07.20"]
[Round "1"]
[White "Oxycontin"]
[Black "Haukia"]
[WhiteElo "2070"]
[BlackElo "2240"]
[Result "0-1"]
[Round "1"]
1.d4 d5
2.c4 c6
3.cxd5 cxd5
4.Ng1f3 Ng8f6
5.Nb1c3 Nb8c6
6.e3 a6
7.a3 Bc8g4
8.Bf1e2 e6
9.O-O Bf8d6
10.Nf3d2 Bg4xe2
11.Qd1xe2 O-O
12.b3 Qd8c7
13.f4 Nc6xd4
{ resign }
0-1

[Event "Match"]
[Site "www.echecsemail.com"]
[Date "2015.07.20"]
[Round "1"]
[White "Wildtiger"]
[Black "Mdesouza"]
[WhiteElo "1620"]
[BlackElo "2200"]
[Result "0-1"]
[Round "1"]
1.e4 c5
2.Nb1c3 Nb8c6
3.Ng1f3 d6
4.Bf1b5 e6
5.O-O Bc8d7
6.Rf1e1 Qd8c7
7.Nc3d5 exd5
8.exd5 Nc6e7
9.Qd1e2 Bd7xb5
10.Qe2e3 Ng8f6
11.Qe3b3 Bb5a6
12.d4 c4
13.Qb3a4 Qc7d7
14.Qa4xd7 Kxd7
15.c3 Ne7xd5
16.b3 cxb3
17.axb3 Nd5xc3
18.Bc1a3 Bf8e7
19.Ra1c1 Nc3e2
20.Kh1 Ne2xc1
21.Re1xc1 Ra8c8
22.Rc1e1 Rc8c2
23.Nf3g5 Rc2xf2
24.Ng5xf7 Rh8f8
25.Nf7g5 Nf6g4
26.Ng5f3 Ba6e2
27.h3 Ng4e3
28.Nf3g1 Be2f1
29.Re1xe3 Bf1xg2
30.Kh2 Be7h4
31.Ba3b4 Bg2c6
{ resign }
0-1

[Event "Match"]
[Site "www.echecsemail.com"]
[Date "2015.07.20"]
[Round "1"]
[White "Guidom"]
[Black "Coraza"]
[WhiteElo "2080"]
[BlackElo "1649"]
[Result "1-0"]
[Round "1"]
1.d4 d5
2.Ng1f3 Nb8c6
3.Bc1f4 Bc8g4
4.e3 e6
5.Bf1b5 a6
6.Bb5xc6 bxc6
7.O-O Ra8b8
8.b3 Ng8f6
9.Nb1d2 Nf6e4
10.Nd2xe4 dxe4
11.h3 Bg4xf3
12.gxf3 Bf8d6
13.fxe4 Qd8d7
14.e5 Bd6b4
15.a3 Bb4c3
16.Ra1b1 Qd7d5
17.Qd1d3 Bc3a5
18.c4 Qd5f3
19.Bf4g3 Qf3h5
20.b4 Ba5b6
21.c5 Bb6a7
22.Qd3xa6 Rb8a8
23.Qa6xc6 Ke7
24.Qc6xc7 Kf8
25.b5 f5
26.Qc7d6 Kf7
27.Qd6d7 Kf8
28.b6 Ba7b8
29.Qd7b7 Qh5e8
30.Qb7xa8 Kf7
31.Qa8b7 Kg6
32.Bg3f4 h5
33.Kh2 Kh7
34.Rf1g1 Rh8g8
35.c6 h4
36.Rg1g5 Qe8f8
37.Rb1g1 Kh6
38.Rg5xg7 Kh5
39.Rg7h7 { resign }
1-0

[Event "Match"]
[Site "www.echecsemail.com"]
[Date "2015.07.20"]
[Round "1"]
[White "Ericleo1980"]
[Black "Cristiano"]
[WhiteElo "1809"]
[BlackElo "2150"]
[Result "1-0"]
[Round "1"]
1.e4 e5
2.Ng1f3 Nb8c6
3.Bf1b5 a6
4.Bb5a4 f5
5.Ba4xc6 dxc6
6.Nf3xe5 Qd8d4
7.Ne5f3 Qd4xe4
8.Qd1e2 Qe4xe2
9.Kxe2 Bf8d6
10.Rh1e1 Ng8f6
11.Kf1 Kf8
12.d3  { time }
1-0

[Event "Match"]
[Site "www.echecsemail.com"]
[Date "2015.07.20"]
[Round "1"]
[White "Crush"]
[Black "Harrytheking"]
[WhiteElo "1650"]
[BlackElo "1690"]
[Result "1-0"]
[Round "1"]
1.e4 b6
2.d3 Bc8b7
3.Ng1f3 h6
4.Nb1c3 e6
5.g3 Ng8e7
6.Bf1g2 c5
7.O-O Ne7g6
8.Bc1f4 d6
9.e5 d5
10.Nc3b5 Ng6xf4
11.gxf4 Nb8d7
12.Nb5d6 Bf8xd6
13.exd6 O-O
14.Nf3e5 a5
15.Qd1h5 Nd7f6
16.Qh5h3 Qd8xd6
17.Rf1e1 Bb7a6
18.Re1e3 d4
19.Bg2xa8 dxe3
20.Ba8e4 Nf6xe4
21.Qh3xe3 Ne4f6
22.Ne5c4 Qd6c6
23.Nc4e5 Qc6d6
24.Kh1 Nf6d5
25.Qe3e4 Nd5f6
26.Qe4e3 Nf6d5
27.Qe3g3 Nd5f6
28.Ra1g1 Ba6b7
29.f3 Nf6h5
30.Qg3h4 Nh5f6
31.Qh4g3 Nf6h5
32.Qg3g4 g6
33.Ne5xg6 fxg6
34.Qg4xg6 { resign }
1-0

[Event "Match"]
[Site "www.echecsemail.com"]
[Date "2015.07.20"]
[Round "1"]
[White "Staf"]
[Black "Ikke"]
[WhiteElo "1190"]
[BlackElo "1050"]
[Result "1-0"]
[Round "1"]
1.b3 g6
2.Bc1b2 f6
3.g3 g5
4.Bf1g2 c6
5.Nb1c3 a5
6.Ng1h3 Nb8a6
7.f4 Qd8c7
8.fxg5 Qc7b6
9.d3 d6
10.Nc3e4 Bc8xh3
11.Bg2xh3 d5
12.Ne4f2 fxg5
13.Bb2xh8 Qb6b4
14.c3 Qb4a3
15.Bh3e6 d4
16.Be6xg8 Qa3d6
17.Nf2e4 Qd6d7
18.Ne4xg5 Kd8
19.Ng5xh7 Qd7e8
20.Rh1f1 Bf8h6
21.Rf1f8 Bh6xf8
22.Kd2 c5
23.e4 Bf8h6
24.Ke1 Qe8xg8
25.Bh8e5 Qg8xh7
26.h4 Qh7g6
27.h5 Qg6g5
28.Be5f4 Qg5f6
29.e5 Qf6g7
30.c4 Na6c7
31.Qd1f3 Ra8a6
32.Qf3xb7 Ra6a8
33.Qb7b6 e6
34.Qb6xc5 Qg7f8
35.Qc5xd4 Kc8
36.Bf4xh6 Qf8e8
37.a3 Qe8xh5
38.Qd4f4 Qh5h1
39.Ke2 Qh1xa1
40.Bh6g7 Qa1a2
41.Qf4d2 Qa2xb3
42.Bg7f6 Qb3b1
43.d4 Qb1g1
44.Qd2g5 Qg1xd4
45.Qg5g8 Kb7
46.Qg8f7 Qd4e4
47.Kf2 Qe4c2
48.Kf3 Qc2d1
49.Ke4 Qd1c2
50.Kf4 Qc2f2
51.Kg4 Qf2e2
52.Kg5 Qe2xc4
53.Qf7h7 Ra8f8
54.Qh7g7 Qc4g4
55.Kxg4 Rf8c8
56.Qg7g5 Rc8a8
57.Qg5g7 Kb6
58.Kh4 a4
59.Qg7d7 Ra8h8
60.Bf6xh8 Kb7
61.Qd7xa4 Kc8
62.Qa4c6 Kd8
63.g4 Kc8
64.g5 Kd8
65.g6 Kc8
66.g7 Kb8
67.g8Q Ka7
68.Qc6xc7 Ka6
69.Qg8a8 Kb5
70.Qc7d7 Kc4
71.Qd7xe6 Kc3
72.Qa8a5 Kd3
73.Qe6f5  { time }
1-0

[Event "Match"]
[Site "www.echecsemail.com"]
[Date "2015.07.20"]
[Round "1"]
[White "Standingpawn"]
[Black "Reanna"]
[WhiteElo "1499"]
[BlackElo "1590"]
[Result "1-0"]
[Round "1"]
1.e4 e5
2.d3 Nb8c6
3.Nb1c3 Ng8f6
4.Bc1g5 Bf8e7
5.Ng1h3 d6
6.f4 exf4
7.Bg5xf4 O-O
8.Nh3f2 Rf8e8
9.h3 Nc6d4
10.Bf1e2 c6
11.g4 Qd8b6
12.Nc3a4 Qb6a5
13.c3 d5
14.b4 Be7xb4
15.cxb4 Qa5xb4
16.Bf4d2 Qb4d6
17.g5 dxe4
18.Bd2e3 exd3
19.Qd1xd3 Nd4f3
20.Be2xf3 Qd6b4
21.Na4c3 Bc8f5
22.Qd3d2 Ra8d8
23.Qd2c1 Nf6d5
24.Nf2d1 Qb4h4
25.Kf1 Bf5d3
26.Bf3e2 Bd3xe2
27.Kxe2 Nd5f4
28.Kf1 Nf4d3
29.Be3f2 Qh4c4
30.Qc1a3 Nd3f4
31.Kg1 Nf4d3
32.Nd1e3 Qc4f4
33.Ra1f1 Qf4xg5
34.Ne3g4 h5
35.Qa3a4 Nd3xf2
36.Kxf2 Rd8d2
37.Kg1 Qg5c5
38.Ng4f2 Qc5xc3
39.Qa4f4 Rd2xa2
40.Rh1h2  { time }
1-0

[Event "Match"]
[Site "www.echecsemail.com"]
[Date "2015.07.20"]
[Round "1"]
[White "Culiflori"]
[Black "Drdoom"]
[WhiteElo "999"]
[BlackElo "1700"]
[Result "1-0"]
[Round "1"]
1.e4 e5
2.Ng1f3 d6
3.d4 Nb8c6
4.dxe5 dxe5
5.Qd1xd8 Kxd8
6.Bf1b5 Bf8d6
7.Nb1c3 Bc8d7
8.Bc1g5 Ng8e7
9.O-O-O f6
10.Bg5h4 a6
11.Bb5a4 b5
12.Ba4b3 g5
13.Bh4g3 h5
14.h4 g4
15.Nf3d2 Nc6d4
16.Rh1e1 Ne7g6
17.f3 Ng6f4
18.Bg3xf4 exf4
19.Nd2f1 Nd4xb3
20.axb3 g3
21.Nc3d5 Rh8f8
22.Nf1d2 Ra8b8
23.Nd2b1 Kc8
24.Nb1a3 Bd7e6
25.Na3b1 Be6xd5
26.Rd1xd5 Rf8h8
27.Nb1c3 Kb7
28.Re1d1 Rb8d8
29.Rd5f5 c6
30.Rf5xf6 Bd6c7
31.Rd1xd8 { resign }
1-0

[Event "Match"]
[Site "www.echecsemail.com"]
[Date "2015.07.20"]
[Round "1"]
[White "Caspito"]
[Black "Oxycontin"]
[WhiteElo "1800"]
[BlackElo "2100"]
[Result "1/2-1/2"]
[Round "1"]
1.e4 Ng8f6
2.e5 Nf6d5
3.d4 d6
4.exd6 cxd6
5.Qd1f3 Nd5f6
6.Ng1h3 Nb8c6
7.Bf1b5 Bc8d7
8.c3 g6
9.O-O a6
10.Bb5a4 Bf8g7
11.Bc1g5 O-O
12.Ba4c2 e5
13.d5 Nc6a7
14.c4 Bd7xh3
15.Qf3xh3 Qd8c8
16.Qh3h4 Nf6h5
17.Bg5e7 Rf8e8
18.Be7xd6 Qc8d7
19.Bd6c5 Bg7f6
20.Qh4e4 Bf6g7
21.Nb1c3 Na7c8
22.Qe4h4 Bg7f6
23.Qh4e4 Nc8d6
24.Bc5xd6 Qd7xd6
25.b4 Qd6xb4
26.Nc3a4 b5
27.Na4b6 Ra8b8
28.Nb6d7 Rb8c8
29.cxb5 Qb4xe4
30.Bc2xe4 Rc8d8
31.Nd7c5 axb5
32.Ra1b1 Nh5f4
33.Rb1xb5 Nf4xd5
34.Nc5b7 Nd5c3
35.Nb7xd8 Nc3xb5
36.Be4c6 Re8xd8
{ draw }
1/2-1/2

[Event "Match"]
[Site "www.echecsemail.com"]
[Date "2015.07.20"]
[Round "1"]
[White "Pariolinius"]
[Black "Culiflori"]
[WhiteElo "1790"]
[BlackElo "999"]
[Result "1-0"]
[Round "1"]
1.e4 e5
2.f4 exf4
3.Ng1f3 g5
4.d4 Bf8g7
5.e5 d6
6.Nb1c3 Nb8c6
7.Bf1b5 Bc8d7
8.Qd1d3 a6
9.Bb5a4 b5
10.Ba4b3 Qd8e7
11.Bc1d2 g4
12.O-O-O gxf3
13.Qd3xf3 dxe5
14.Rh1e1 Nc6xd4
15.Qf3xa8 { resign }
1-0

[Event "Match"]
[Site "www.echecsemail.com"]
[Date "2015.07.20"]
[Round "1"]
[White "Pare123"]
[Black "F14"]
[WhiteElo "2030"]
[BlackElo "1840"]
[Result "1-0"]
[Round "1"]
1.c4 e5
2.Nb1c3 Ng8f6
3.e4 c6
4.d3 d5
5.cxd5 cxd5
6.Bc1g5 dxe4
7.Nc3xe4 Bf8e7
8.Ng1f3 Nf6xe4
9.Bg5xe7 Qd8a5
10.b4 Qa5a3
11.dxe4 Kxe7
12.Qd1b3 Qa3xb3
13.axb3 Nb8c6
14.b5 Nc6b4
15.Ra1c1 Bc8g4
16.Nf3xe5 Bg4e6
17.Bf1c4 Be6xc4
18.bxc4 Ke6
19.f4 Nb4d3
20.Ne5xd3 Rh8d8
21.Nd3c5 Ke7
22.Nc5xb7 Rd8d4
23.O-O { resign }
1-0

[Event "Match"]
[Site "www.echecsemail.com"]
[Date "2015.07.20"]
[Round "1"]
[White "Gorski"]
[Black "Shoemaker136"]
[WhiteElo "1130"]
[BlackElo "999"]
[Result "1-0"]
[Round "1"]
1.e4 e5
2.Ng1f3 f6
3.Bf1c4 Ng8h6
4.Nb1c3 c6
5.d3 b5
6.b3 d5
7.Qd1e2 Bf8c5
8.d4 exd4
9.Nc3xd5 cxd5
10.Bc4xd5 Bc8a6
11.c4 Bc5b4
12.Bc1d2 Bb4a3
13.Nf3xd4  { time }
1-0

[Event "Match"]
[Site "www.echecsemail.com"]
[Date "2015.07.20"]
[Round "1"]
[White "Drharislacan"]
[Black "Pgcbies"]
[WhiteElo "1699"]
[BlackElo "2670"]
[Result "0-1"]
[Round "1"]
1.e4 e5
2.Ng1f3 Nb8c6
3.d4 exd4
4.Nf3xd4 Bf8c5
5.Nd4xc6 Qd8f6
6.Nc6d4 Bc5xd4
7.h3 Qf6xf2

0-1

[Event "Match"]
[Site "www.echecsemail.com"]
[Date "2015.07.20"]
[Round "1"]
[White "Drharislacan"]
[Black "Seger"]
[WhiteElo "1699"]
[BlackElo "2670"]
[Result "0-1"]
[Round "1"]
1.e4 c5
2.Ng1f3 d6
3.d4 cxd4
4.Nf3xd4 Ng8f6
5.Nb1c3 Nb8c6
6.h3 g6
7.f4 Bf8g7
8.g3 Nf6xe4
9.f5 Qd8a5
10.Nd4e6 Bg7xc3
11.Bc1d2 Bc3xd2
12.Qd1xd2 Qa5xd2

0-1

[Event "Match"]
[Site "www.echecsemail.com"]
[Date "2015.07.20"]
[Round "1"]
[White "Chapi"]
[Black "Jafarhayder"]
[WhiteElo "2020"]
[BlackElo "1650"]
[Result "1-0"]
[Round "1"]
1.d4 d5
2.c4 e6
3.Nb1c3 Ng8f6
4.Bc1g5 Bf8e7
5.Ng1f3 c6
6.e3 Nb8d7
7.cxd5 exd5
8.Bf1d3 h6
9.Bg5h4 O-O
10.Qd1c2 Nd7b6
11.O-O Nb6c4
12.e4 Nc4b6
13.e5 Nf6e8
14.Bh4xe7 Qd8xe7
15.a4 Bc8g4
16.Bd3e2 Ne8c7
17.a5 Nb6d7
18.Nf3d2  { time }
1-0

[Event "Match"]
[Site "www.echecsemail.com"]
[Date "2015.07.20"]
[Round "1"]
[White "F14"]
[Black "Generalfree"]
[WhiteElo "1770"]
[BlackElo "1900"]
[Result "0-1"]
[Round "1"]
1.e4 c6
2.d4 d5
3.Nb1c3 dxe4
4.Nc3xe4 f5
5.Ne4c3 e6
6.Ng1f3 Bf8d6
7.Bf1e2 h6
8.O-O g5
9.Nf3e5 Bd6xe5
10.dxe5 Qd8xd1
11.Rf1xd1 g4
12.Bc1e3 h5
13.Be3g5 Nb8d7
14.Bg5f4 Ng8e7
15.Rd1d6 Nd7c5
16.Ra1d1 Ne7d5
17.Nc3xd5 cxd5
18.Be2b5 Ke7
19.c4 Nc5e4
20.c5 Ne4xc5
21.Bf4g5 Kf7
22.f3 gxf3
23.gxf3 Rh8g8
24.h4 a6
25.Bb5e2 a5
26.Rd6d8 Rg8xd8
27.Bg5xd8 Bc8d7
28.Bd8f6 b5
29.Rd1c1 Ra8c8
30.Kg2 b4
31.f4 Nc5e4
32.Rc1xc8 Bd7xc8
33.a3 bxa3
34.bxa3 Bc8b7
35.Be2xh5 Kf8
36.Bh5f3 Ne4d2
37.Bf3d1 d4
38.Kf2 Nd2c4
39.a4 d3
 { time }
0-1

[Event "Match"]
[Site "www.echecsemail.com"]
[Date "2015.07.20"]
[Round "1"]
[White "Guidom"]
[Black "Truquine"]
[WhiteElo "2060"]
[BlackElo "1759"]
[Result "1/2-1/2"]
[Round "1"]
1.e4 e5
2.Ng1f3 Nb8c6
3.Bf1b5 a6
4.Bb5a4 Ng8f6
5.O-O Bf8e7
6.Rf1e1 b5
7.Ba4b3 O-O
8.d4 d6
9.dxe5 Nc6xe5
10.Nf3xe5 dxe5
11.Qd1xd8 Rf8xd8
12.c3 c5
13.Bc1g5 Bc8b7
14.f3 c4
15.Bb3c2 Be7c5
16.Kf1 Rd8d6
17.Bg5xf6 Rd6xf6
18.Re1d1 Rf6d6
19.Rd1xd6 Bc5xd6
20.Nb1d2 Ra8d8
21.Ra1d1 Bd6c5
22.Ke2 g6
23.h3 h5
24.g4 hxg4
25.hxg4 Kg7
26.b4 Bc5e7
27.a3 Bb7c6
28.Nd2f1 Rd8xd1
29.Bc2xd1 Kf6
30.Ke3 Ke6
31.Nf1g3 Be7g5
32.Ke2 Bg5c1
33.Bd1c2 Bc1xa3
34.Kd1 a5
35.bxa5 b4
36.cxb4 Bc6b5
37.Ng3f1 Ba3xb4
38.Nf1e3 Bb4xa5
39.Kc1 Kd6
40.Kb2 Ba5d2
41.Ne3d1 Kc5
42.Nd1c3 Bb5a6
43.Nc3b1 Bd2e1
44.Bc2a4 f6
45.Ba4d7 Kd4
46.Bd7e8 g5
47.Nb1a3 c3
48.Kc1 Ba6e2
49.Na3c2 Kc5
50.Nc2xe1 Kd4
51.Kc2 Ke3
52.Be8d7 Kf2
53.Ne1d3 Kxf3
54.Bd7f5 Kg3
55.Kxc3 Be2xg4
56.Bf5g6 Bg4c8
57.Kd2 g4
58.Ke3 Kh2
59.Nd3e1 g3
60.Ne1f3 Kh1
61.Bg6h5 g2
62.Kf2 f5
63.exf5 Bc8xf5
64.Nf3g1 e4
{ draw }
1/2-1/2

[Event "Match"]
[Site "www.echecsemail.com"]
[Date "2015.07.20"]
[Round "1"]
[White "Roqueur"]
[Black "Nimzo"]
[WhiteElo "2620"]
[BlackElo "2720"]
[Result "1-0"]
[Round "1"]
1.e4 e6
2.d4 d5
3.Nb1c3 Ng8f6
4.Bc1g5 dxe4
5.Nc3xe4 Bf8e7
6.Bg5xf6 gxf6
7.Ng1f3 f5
8.Ne4c3 a6
9.Qd1d2 b5
10.O-O-O Qd8d6
11.Qd2e3 Nb8d7
12.d5 Nd7b6
13.dxe6 Qd6xe6
14.Qe3f4 Be7d6
15.Qf4d4 O-O
16.Kb1 Rf8e8
17.a4 Bd6f8
18.a5 Bf8g7
19.Qd4b4 Nb6c4
20.Bf1xc4 Qe6xc4
21.Nc3d5 Qc4xb4
22.Nd5xb4 Bc8b7
23.Rd1d7 Re8e4
24.Nb4d5 Bb7xd5
25.Rd7xd5 Re4e2
26.Rh1d1 Re2xf2
27.Nf3h4 Bg7f8
28.Rd5xf5 Rf2xf5
29.Nh4xf5 Bf8b4
30.Rd1d7 Bb4xa5
31.Nf5h6 Kg7
32.Nh6xf7 Kf6
33.Rd7d8 Ra8xd8
{ time. }
1-0

[Event "Match"]
[Site "www.echecsemail.com"]
[Date "2015.07.20"]
[Round "1"]
[White "Derik"]
[Black "Reanna"]
[WhiteElo "1440"]
[BlackElo "1590"]
[Result "0-1"]
[Round "1"]
1.e4 e5
2.d3 Nb8c6
3.Nb1d2 Ng8f6
4.Ng1f3 Bf8d6
5.g3 O-O
6.Bf1g2 Nc6d4
7.Nf3xd4 exd4
8.O-O Rf8e8
9.Qd1f3 c6
10.Nd2c4 Bd6c5
11.Bc1f4 d5
12.e5 dxc4
13.dxc4 Bc8f5
14.exf6 Qd8xf6
15.Ra1c1 Bf5e4
16.Qf3g4 Be4xg2
17.Kxg2 Re8e4
18.Qg4d7 Ra8e8
19.Qd7xb7 a5
20.Qb7a6 g5
21.Bf4c7 g4
22.Qa6xa5 Qf6f3
23.Kg1 Qf3f5
24.Bc7b6 Re4e5
25.Bb6c7 Re5e7
26.b4 Qf5f3
27.Qa5xc5 Re7xc7
28.Qc5xd4 Qf3f5
29.Rf1d1 c5
30.Qd4d6 Rc7e7
31.bxc5 h5
32.Rd1d5 Re7e1
33.Rc1xe1 Re8xe1
34.Kg2 Qf5e4
35.f3 Qe4e2
{ resign }
0-1

[Event "1/8 Finale"]
[Site "www.chess-mail.com"]
[Date "2015.07.20"]
[Round "1"]
[White "Fjpv"]
[Black "Conde7"]
[WhiteElo "2520"]
[BlackElo "2780"]
[Result "0-1"]
[Round "1"]
1.e4 c5
2.c3 Ng8f6
3.e5 Nf6d5
4.d4 cxd4
5.Ng1f3 Nb8c6
6.cxd4 d6
7.Bf1c4 Nd5b6
8.Bc4b5 dxe5
9.Nf3xe5 Bc8d7
10.Bb5xc6 Bd7xc6
11.Ne5xc6 bxc6
12.Nb1c3 e6
13.Qd1g4 Qd8f6
14.O-O Bf8e7
15.Bc1e3 O-O
16.Ra1c1 Nb6d5
17.Qg4e2 a5
18.Nc3xd5 cxd5
19.Rc1c2 Qf6f5
20.Rc2c7 Be7f6
21.Rf1c1 a4
22.Qe2d2 Rf8b8
23.h3 h6
24.Rc1c2 g5
25.f4 g4
26.hxg4 Qf5xg4
27.Be3f2 Qg4f5
28.Rc2c3 Rb8b6
29.Rc3c2 Ra8b8
30.Rc7c3 Kh7
31.Kh2 Bf6e7
32.Rc3g3 Be7d6
33.Bf2e3 Rb6b4
34.Rg3f3 Bd6e7
35.Rf3f2 Rb4b7
36.g3 Be7f6
37.Qd2d1 Rb7b4
38.Rf2e2 Qf5h5
39.Kg2 Qh5g6
40.Qd1d2 Kh8
41.Kh2 Rb4c4
42.Be3f2 Kg7
43.Kg2 Rc4b4
44.Bf2g1 Qg6g4
45.Kh2 Rb4c4
46.Bg1f2 Qg4f3
47.Re2e1 Rc4xc2
48.Qd2xc2 Rb8b4
49.Qc2d2 Rb4c4
50.Kg1 h5
51.Kh2 Kf8
52.Re1g1 a3
53.bxa3 Rc4a4
54.Rg1b1 Ra4xa3
55.Rb1b3 Ra3xb3
56.axb3 Qf3xb3
57.f5 Qb3f3
58.fxe6 fxe6
59.Qd2e3 Qf3f5
60.Kg2 Kf7
61.Qe3d2 Kg6
62.Kh2 Qf5e4
63.Kg1 Bf6g5
64.Qd2d1 h4
65.gxh4 Bg5xh4
66.Bf2xh4 Qe4xh4
67.Qd1d3 Qh4e4
68.Qd3c3 Qe4e2
69.Qc3h3 Qe2e1
70.Kh2 Qe1e4
71.Qh3g3 Kf5
72.Qg3h3 Qe4g4
73.Qh3d3 Kf4
74.Qd3d2 Ke4
75.Qd2e1 Kd3
76.Qe1a1 Qg4e2
77.Kh3 Ke4
78.Kh4 Qe2e3
79.Kh5 Qe3xd4
80.Qa1h1 Ke5
81.Qh1e1 Qd4e4
82.Qe1g3 Kd4
83.Qg3g1 Qe4e3
84.Qg1a1 Ke4
85.Kg6 d4
86.Qa1a8 Kf4
87.Qa8f8 Kg3
88.Qf8c5 e5
89.Kf7 Kf3
{ resign }
0-1

[Event "1/8 Finale"]
[Site "www.chess-mail.com"]
[Date "2015.07.20"]
[Round "1"]
[White "Szustan"]
[Black "Pgcbies"]
[WhiteElo "2610"]
[BlackElo "2800"]
[Result "0-1"]
[Round "1"]
1.e4 e5
2.Ng1f3 Nb8c6
3.Nb1c3 Ng8f6
4.d4 exd4
5.Nc3d5 Nc6b4
6.Nd5xf6 Qd8xf6
7.Bf1c4 Bf8c5
8.O-O d6
9.a3 Nb4c6
10.b4 Bc5b6
11.b5 Nc6e5
12.Nf3xe5 dxe5
13.f4 Bc8e6
14.Bc4d3 Bb6a5
15.f5 Be6d7
16.a4 g6
17.Bc1d2 Ba5xd2
18.Qd1xd2 Qf6d6
19.c4 gxf5
20.exf5 f6
21.Rf1c1 c6
22.c5 Qd6e7
23.Qd2e2 O-O
24.a5 cxb5
25.a6 Bd7c6
26.Bd3xb5 Ra8b8
27.axb7 Bc6xb5
28.Qe2xb5 Rb8xb7
29.Qb5c4 Kh8
30.c6 Rb7c7
31.Rc1b1 Rf8c8
32.Ra1a6 Rc8d8
33.Qc4e6 Qe7f8
34.h3 d3
35.Kh2 Rd8e8
36.Qe6c4 e4
37.Qc4d5 Qf8e7
38.Ra6a4 Re8d8
39.Qd5xe4 Qe7d6
40.Qe4f4 Qd6xf4
41.Ra4xf4 d2
42.Rf4f1 a5
43.Rf1d1 Rc7xc6
44.Rb1b2 Rc6d6
45.Rb2a2 Rd6d5
46.g3 Kg8
47.Kg2 Kg7
48.Kh2 Kh6
49.h4 Kh5
50.Kg1 a4
51.Ra2xa4 Rd8e8
52.Kg2 Re8e1
53.Ra4a1 Re1xd1
54.Ra1xd1 Kg4
55.Kf2 Rd5xf5
56.Kg2 Rf5d5
{ resign }
0-1

[Event "1/4 Finale"]
[Site "www.chess-mail.com"]
[Date "2015.07.20"]
[Round "1"]
[White "Chessmith19"]
[Black "Maxiboi"]
[WhiteElo "2650"]
[BlackElo "2840"]
[Result "0-1"]
[Round "1"]
1.e4 c5
2.Ng1f3 d6
3.d4 cxd4
4.Nf3xd4 Ng8f6
5.Nb1c3 a6
6.Bc1e3 e5
7.Nd4b3 Bc8e6
8.Bf1e2 Bf8e7
9.Qd1d3 Nb8d7
10.Nc3d5 Be6xd5
11.exd5 O-O
12.O-O Nf6e8
13.Qd3d2 g6
14.c4 a5
15.Ra1d1 f5
16.g3 Ne8f6
17.f3 a4
18.Nb3a1 Nf6h5
19.Na1c2 f4
20.Be3f2 fxg3
21.hxg3 Be7g5
22.Qd2e1 Rf8f7
23.Kg2 b6
24.Nc2a3 Nd7c5
25.Bf2xc5 bxc5
26.Be2d3 Qd8e7
27.Na3b5 Ra8f8
28.Bd3e4 Kg7
29.Rf1h1 Nh5f6
30.Rd1d3 h5
31.Rd3a3 Nf6xe4
32.Qe1xe4 Qe7d8
33.Qe4e1 h4
34.gxh4 e4
35.Rh1h3 Bg5f6
36.fxe4 Bf6xb2
37.Ra3f3 Rf7f4
38.Rh3g3 Bb2e5
39.Rf3xf4 Rf8xf4
40.h5 g5
41.Qe1e3 g4
42.Nb5a7 Qd8g5
43.Na7c6 Qg5xh5
44.a3 Qh5g6
45.Nc6xe5 dxe5
46.Qe3d3 Qg6xe4
47.Qd3xe4 Rf4xe4
48.Rg3c3 Kf6
49.Kg3 Kg5
50.Kf2 Re4d4
51.Rc3c1 Kf4
52.Rc1f1 e4
53.Ke2 Ke5
54.Rf1h1 Rd4xc4
55.Rh1h5 Kf4
56.d6 Rc4c2
{ resign }
0-1

[Event "1/128 Finale"]
[Site "www.chess-mail.com"]
[Date "2015.07.20"]
[Round "1"]
[White "Chtoubidou"]
[Black "Powerchess"]
[WhiteElo "1870"]
[BlackElo "1340"]
[Result "1/2-1/2"]
[Round "1"]
1.e4 e5
2.Bf1c4 Ng8f6
3.Nb1c3 Bf8c5
4.d3 d6
5.Ng1e2 O-O
6.Nc3a4 Bc5b6
7.Na4xb6 axb6
8.O-O Nb8c6
9.f4 exf4
10.Bc1xf4 Nc6e5
11.Bf4xe5 dxe5
12.Ne2g3 c6
13.Qd1d2 b5
14.Bc4b3 Qd8e7
15.a4 bxa4
16.Ra1xa4 Ra8xa4
17.Bb3xa4 Bc8e6
18.h3 b5
19.Ba4b3 Qe7c5
20.Kh1 Be6xb3
21.cxb3 Qc5d4
22.Qd2c3 Qd4xc3
23.bxc3 Rf8d8
24.Rf1d1 Kf8
25.Kg1 h5
26.d4 exd4
27.cxd4 h4
28.e5 hxg3
29.exf6 gxf6
30.Rd1d3 f5
31.Rd3xg3 Rd8xd4
32.Rg3c3 Rd4d6
33.Kf2 Ke7
34.Kf3 Ke6
35.h4 Kd5
36.Kf4 Rd6g6
37.g3 b4
38.Rc3d3 Kc5
39.Kxf5 Rg6d6
40.Rd3xd6 Kxd6
41.h5 Ke7
42.h6 Kf8
43.Ke5 Kg8
44.Kd6 Kh7
45.Kxc6 Kxh6
46.Kc5 Kg5
47.Kxb4 f5
48.Kc3 Kg4
49.b4 Kxg3
50.b5 f4
51.b6 f3
52.b7 f2
53.b8Q Kg2
54.Qb8b7 Kg1
55.Qb7g7 Kh1
56.Qg7f6 Kg1
57.Qf6g5 Kh1
58.Qg5f4 Kg1
59.Qf4e3 Kh1
60.Qe3c1 Kg2
61.Qc1d2 Kh1
62.Qd2xf2 
1/2-1/2

[Event "1/128 Finale"]
[Site "www.chess-mail.com"]
[Date "2015.07.20"]
[Round "1"]
[White "Ff333"]
[Black "Anja"]
[WhiteElo "2050"]
[BlackElo "1500"]
[Result "1-0"]
[Round "1"]
1.e4 Ng8f6
2.e5 Nf6d5
3.c4 Nd5b6
4.d4 d6
5.exd6 exd6
6.Bf1d3 Nb8c6
7.d5 Nc6e5
8.Qd1e2 Bf8e7
9.Ng1f3 Ne5xd3
10.Qe2xd3 O-O
11.b3 Rf8e8
12.O-O Be7f6
13.Nb1c3 g6
14.Bc1b2 Bc8f5
15.Qd3d2 Qd8d7
16.Nc3d1 Bf6xb2
17.Qd2xb2 Bf5d3
18.Rf1e1 Re8xe1
19.Nf3xe1 Bd3f5
20.Nd1e3 Qd7c8
21.Qb2f6 Nb6d7
22.Qf6g5 Nd7c5
23.Ne3xf5 Qc8xf5
24.Qg5h6 Ra8e8
25.Ne1f3 f6
26.b4 Nc5d3
27.Ra1f1 Nd3xb4
28.Nf3d4 Qf5d7
29.a3 Nb4d3
30.Nd4e6 Nd3e5
31.Rf1c1 Ne5d3
32.Rc1c3 Nd3c5
33.Rc3e3 Nc5xe6
34.dxe6 Re8xe6
35.g3 Re6xe3
36.Qh6xe3 b6
37.Qe3b3 Kg7
38.Kg2 c6
39.a4 d5
40.f3 dxc4
41.Qb3xc4 Qd7d5
42.Qc4e2 Qd5d7
43.g4 c5
44.Qe2e4 a6
45.h4 b5
46.Kh3 c4
47.Qe4c2 Qd7c7
48.axb5 axb5
49.Qc2c3 Qc7d7
50.Kg3 Qd7d3
51.Qc3b4  { time }
1-0

[Event "1/128 Finale"]
[Site "www.chess-mail.com"]
[Date "2015.07.20"]
[Round "1"]
[White "Emmanuel69"]
[Black "Sunderland"]
[WhiteElo "1960"]
[BlackElo "1540"]
[Result "1-0"]
[Round "1"]
1.c4 e5
2.Nb1c3 Nb8c6
3.a3 f5
4.d3 Ng8f6
5.g3 d5
6.Bf1g2 d4
7.Nc3b1 Bf8e7
8.Ng1f3 O-O
9.O-O a5
10.Nb1d2 Rf8e8
11.h3 h6
12.Rf1e1 a4
13.e4 Be7d6
14.Ra1b1 fxe4
15.Nd2xe4 Nf6xe4
16.Re1xe4 Bc8f5
17.Re4e1 Qd8d7
18.Kh2 g5
19.Nf3g1 Bf5g6
20.Bc1d2 Nc6d8
21.Bg2d5 Bg6f7
22.Bd5xf7 Nd8xf7
23.Qd1g4 Qd7xg4
24.hxg4 Kg7
25.f3 c6
26.Kg2 c5
27.Re1e2 Kf6
28.Re2e4 Ra8b8
29.Rb1e1 b5
30.cxb5 Rb8xb5
31.Bd2c1 Rb5b3
32.Re1d1 Re8c8
33.Re4e2 Rc8b8
34.Re2c2 Rb8b7
35.Rd1d2 Rb7b6
36.Kf2 Ke6
37.Ng1h3 Rb6b5
38.Ke2 Nf7h8
39.Kf2 Nh8f7
40.Kg2 Rb5b6
41.Kf2  { time }
1-0

[Event "1/16 Finale"]
[Site "www.chess-mail.com"]
[Date "2015.07.20"]
[Round "1"]
[White "Merlino23"]
[Black "Asoka"]
[WhiteElo "2710"]
[BlackElo "2590"]
[Result "0-1"]
[Round "1"]
1.e4 c6
2.d4 d5
3.Nb1c3 dxe4
4.Nc3xe4 Ng8f6
5.Ne4xf6 exf6
6.c3 Bf8d6
7.Bf1d3 O-O
8.Qd1c2 Rf8e8
9.Ng1e2 f5
10.Bd3xf5 Bc8xf5
11.Qc2xf5 Nb8d7
12.Bc1e3 Nd7b6
13.O-O Nb6c4
14.b3 g6
15.Qf5d3 Nc4xe3
16.fxe3 f5
17.c4 Qd8h4
18.g3 Qh4e4
19.Qd3xe4 Re8xe4
20.Rf1f3 Ra8d8
21.Kf2 Kg7
22.Ra1d1 Re4e7
23.h3 h5
24.Ne2f4 Re7e4
25.h4 Kf6
26.Nf4h3 Re4e7
27.Nh3g5 Kg7
28.Kg2 Bd6a3
29.Rd1d3 Rd8e8
30.d5 Kh6
31.Ng5e6 cxd5
32.cxd5 Re7d7
33.Rd3d4 Ba3b2
34.Rd4d1 Bb2a3
35.Rf3f1 Re8c8
36.Rf1f4 Rc8c2
37.Rf4f2 Rc2c3
38.Kf3 Ba3d6
39.Rf2d2 a6
40.Rd2d4 b5
41.Rd4d3 Rc3c2
42.a3 Rd7a7
43.Rd1b1 Ra7a8
44.Ne6d4 Rc2c5
45.Nd4c6 Ra8g8
46.Rb1g1 Rg8g7
 { time }
0-1